000
00201nam a2200085Ia 4500
008
120527s9999 xx 000 0 und d
100
_a
BULDEOSINGH, K
245
_a
The Autobiography of paras
942
_c
BK
999
_c
25668
_d
25668